00921nam a22002177a 4500008004100000020001800041040004900059041000800108082001400116100003600130245014000166260005700306300005500363490002900418504005300447650004800500650004600548650003700594650003400631710003800665130821s2012 ck a gr spa  a9789588487144 aCO-BoUCMbspacJavier GarzóndHenry Ríos00aspa04a332.62201 aLondoño Orozco, Carlos Arturo10aIndicadores, criterios, herramientas y modelos (con Excel) utilizados en la evaluación de inversionescCarlos Arturo Londoño Orozco aPereira (Risaralda, Colombia)bGráficas Budac2012 a254 páginasbilustraciones, gráficase1 CD-ROM0 aColección Maestrosv12 aIncluye referencias bibliográficas e índices 7aAnálisis de inversionesxAutomatización 7aContabilidad financieraxAutomatización 7aExcel (Programa para computador) 7aInversionesvAdministración1 aUniversidad Católica de Pereira